00378nam a22001217a 4500020000800000040001600008082001700024100002300041245010300064250001200167260003600179300004100215 qPB. cFIZZA ISHAQ a362.410bKUR a Kurson , Robert. aCrashing Through: A True Story of Risk, Adventure, and the Man Who Dared to See /c Robert Kurson. a1st ED. aNew York:bRandom House,c2007. a306 P. ;c 6.33 x 1.08 x 9.53 inches